000 01085cam a22003257a 4500
001 14330321
003 NUST - PNEC
005 20170116181116.0
008 060405s2006 ne a 001 0 eng d
010 _a 2006925278
020 _a0750669551
020 _a9780750669559
035 _a(OCoLC)ocm74706117
040 _aP4A
_cLIBRARY
_dBAKER
_dYDXCP
_dCOA
_dYDX
_dDLC
042 _alccopycat
050 0 0 _aTL271.5
_b.D35 2006
082 0 0 _a629.2772 DAL
100 1 _aDaly, Steven.
245 1 0 _aAutomotive air-conditioning and climate control systems /
_cSteven Daly.
250 _a1st ed.
260 _aAmsterdam ;
_aBoston :
_bElsevier Butterworh-Heinemann,
_c2006.
300 _axvii, 362 p. :
_bill. (some col.) ;
_c25 cm.
500 _aIncludes index.
650 0 _aAutomobiles
_xME
856 4 2 _3Publisher description
_uhttp://www.loc.gov/catdir/enhancements/fy0827/2006925278-d.html
906 _a7
_bcbc
_ccopycat
_d2
_encip
_f20
_gy-gencatlg
942 _2ddc
_cBK
999 _c69364
_d69364